| 000 | 00482nam a2200145 a 4500 | ||
|---|---|---|---|
| 001 | 000038212 | ||
| 005 | 20201002031212.0 | ||
| 008 | 130322s19uu dr 000 0 spa d | ||
| 020 | _a9993433500 | ||
| 040 |
_aDO-SdBNP _bspa _cBNPHU |
||
| 100 | 1 |
_aAquino, José Ángel _93205 |
|
| 245 | 1 | 0 |
_aInventario de normativa legal sobre control y transparencia en la gestión pública / _cJosé Ángel Aquino. |
| 260 |
_aSanto Domingo : _bParticipación Ciudadana. |
||
| 300 |
_a103 p. ; _c28 cm. |
||
| 999 |
_c37702 _d37702 |
||